000 00687nam a2200229Ia 4500
003 OSt
005 20220925235926.0
006 a|||||r|||| 00| 0
007 ta
008 220923b |||||||| |||| 00| 0 eng d
037 _cGeneral Book
040 _aRTL
_cRTL
_beng
041 _2eng
_aeng
082 _aX9(J94).2.N56<N55r, J5
110 _aGANGA SUGAR CORPORATION LIMITED
_9301909
245 0 _aTwenty-second annual report & accounts,1955.
260 _a New Delhi
_bGanga Sugar Corp.
_c1955
300 _a17p.
_ccm.
700 _aGANGA SUGAR CORPORATION LIMITED
_9301910
942 _hX9(J94).2.N56<N55r, J5
_cGB
_2CC
999 _c598177
_d598177